Statistics for English Alphabet

Click here to take the quiz!

General Stats

  • This quiz has been taken 46 times
  • The average score is 24 of 26

Answers on the Map

Answers color-coded by a green-red scale on the quiz's map according to % correct below.
 

Answer Stats

Answer% Correct
A
96%
B
96%
C
96%
D
96%
E
96%
W
96%
F
92%
G
92%
H
92%
I
92%
Q
92%
R
92%
X
92%
Z
92%
J
88%
K
88%
L
88%
M
88%
N
88%
O
88%
P
88%
S
88%
T
88%
U
88%
V
88%
Y
88%

Score Distribution

Percentile by Number Answered

Percent of People with Each Score

Your Score History

You have not taken this quiz